How To Really Communicate (Record no. 19124)
[ view plain ]
| 000 -LEADER | |
|---|---|
| fixed length control field | 00539nam a22002057a 4500 |
| 003 - CONTROL NUMBER IDENTIFIER | |
| control field | OSt |
| 005 - DATE AND TIME OF LATEST TRANSACTION | |
| control field | 20140310183130.0 |
| 008 - FIXED-LENGTH DATA ELEMENTS--GENERAL INFORMATION | |
| fixed length control field | 130531t xxu||||| |||| 00| 0 eng d |
| 020 ## - INTERNATIONAL STANDARD BOOK NUMBER | |
| International Standard Book Number | 9810034733 |
| 050 ## - LIBRARY OF CONGRESS CALL NUMBER | |
| Classification number | P 95 |
| Item number | .C529 1992 |
| 082 ## - DEWEY DECIMAL CLASSIFICATION NUMBER | |
| Classification number | M 301.10242 |
| Item number | C42 1992 |
| 245 ## - TITLE STATEMENT | |
| Title | How To Really Communicate |
| Remainder of title | ....when you cross cultures |
| Statement of responsibility, etc | Chew, Jim |
| 260 ## - PUBLICATION, DISTRIBUTION, ETC. (IMPRINT) | |
| Place of publication, distribution, etc | Singapore |
| Name of publisher, distributor, etc | The Navigator |
| Date of publication, distribution, etc | c1992 |
| 300 ## - PHYSICAL DESCRIPTION | |
| Extent | 89 p. |
| 521 ## - TARGET AUDIENCE NOTE | |
| Target audience note | |
| 526 ## - STUDY PROGRAM INFORMATION NOTE | |
| Reading level | 1210L-1700L |
| 541 ## - IMMEDIATE SOURCE OF ACQUISITION NOTE | |
| -- | 1 |
| 562 ## - COPY AND VERSION IDENTIFICATION NOTE | |
| Number of copies | 1 |
| 942 ## - ADDED ENTRY ELEMENTS (KOHA) | |
| Source of classification or shelving scheme | Library of Congress Classification |
| Koha item type | Books |
| Call number prefix | Filipininana |
| Withdrawn status | Lost status | Source of classification or shelving scheme | Damaged status | Home library | Current library | Shelving location | Date acquired | Total Checkouts | Full call number | Barcode | Date last seen | Date checked out | Copy number | Price effective from | Koha item type |
|---|---|---|---|---|---|---|---|---|---|---|---|---|---|---|---|
| Library of Congress Classification | College Library | College Library | General Circulation Section | 05/31/2013 | 1 | P 95 .C529 1992 | c1733 | 05/15/2018 | 06/09/2016 | 1 | 05/31/2013 | Books |